| Tag |
First Indicator |
Second Indicator |
Subfields |
| LEADER |
00000cam a2200000 a 4500 |
| 001 |
in00001403798 |
| 005 |
20151020053155.0 |
| 008 |
971022s1993 pauae 000 0 eng d |
| 020 |
|
|
|a 0887404782
|
| 035 |
|
|
|a (OCoLC)37822502
|
| 035 |
|
|
|9 AHM7270AM
|
| 040 |
|
|
|a SMI
|c SMI
|d TXA
|d UtOrBLW
|
| 041 |
1 |
|
|a eng
|h ger
|
| 043 |
|
|
|a e-ge---
|
| 049 |
|
|
|a TXAM
|
| 090 |
|
|
|a UG1242.F5
|b N69 1993
|
| 100 |
1 |
|
|a Nowarra, Heinz J.
|
| 245 |
1 |
0 |
|a Heinkel "Volksjäger" :
|b He 162 /
|c Heinz J. Nowarra.
|
| 246 |
3 |
0 |
|a He 162
|
| 264 |
|
1 |
|a Atglen, Penn. :
|b Schiffer,
|c [1993]
|
| 264 |
|
4 |
|c ©1993
|
| 300 |
|
|
|a 47 pages :
|b illustrations ;
|c 21 x 28 cm.
|
| 336 |
|
|
|a text
|b txt
|2 rdacontent
|
| 337 |
|
|
|a unmediated
|b n
|2 rdamedia
|
| 338 |
|
|
|a volume
|b nc
|2 rdacarrier
|
| 490 |
1 |
|
|a Schiffer military history ;
|v 78
|
| 500 |
|
|
|a Originally published under the title: "Der 'Volksjager' He 162 by Podzun-Pallas Verlag."--title page verso.
|
| 650 |
|
0 |
|a Heinkel 162 (Jet fighter plane)
|
| 830 |
|
0 |
|a Schiffer military history ;
|v 78.
|
| 999 |
|
|
|a MARS
|
| 999 |
f |
f |
|s a824b840-0294-330f-9945-350a19f7bb84
|i 002c4244-74e7-3c76-b504-3867dbadaebf
|t 0
|
| 952 |
f |
f |
|p ric
|a Texas A&M University
|b Rellis Campus
|c Joint Library Facility
|d Remote Storage
|t 0
|e UG1242.F5 N69 1993
|h Library of Congress classification
|i unmediated -- volume
|m A14822044132
|
| 952 |
f |
f |
|p noncirc
|a Texas A&M University
|b College Station
|c Cushing Memorial Library & Archives
|d Cushing: Ragan Military (Does not check out)
|t 0
|e UG1242.F5 N69 1993
|h Library of Congress classification
|i unmediated -- volume
|
| 998 |
f |
f |
|a UG1242.F5 N69 1993
|t 0
|l Cushing: Ragan Military (Does not check out)
|
| 998 |
f |
f |
|a UG1242.F5 N69 1993
|t 0
|l Remote Storage
|